[Event "OPEN B"]
[Site "?"]
[Date "2008.??.??"]
[Round "4.19"]
[White "Janouchova, M."]
[Black "Kocir, V."]
[Result "1/2-1/2"]
[WhiteElo "1543"]
[BlackElo "1273"]
[PlyCount "69"]
[EventDate "2008.??.??"]

1. d4 d5 2. c4 e6 3. Nc3 Nf6 4. Nf3 Be7 5. Bf4 O-O 6. e3 Nbd7 7. Bd3 dxc4 8.
Bxc4 c5 9. O-O cxd4 10. Nxd4 e5 11. Bg3 exd4 12. Nb5 dxe3 13. fxe3 Bc5 14. Qb3
Qe7 15. Rae1 Ne5 16. Nd4 Nxc4 17. Qxc4 Be6 18. Nxe6 Qxe6 19. Qxc5 Ne4 20. Qe5
Qxe5 21. Bxe5 Rfe8 22. Bd4 Nd2 23. Rf2 Ne4 24. Rc2 a6 25. Rc7 b5 26. Rf1 f6 27.
Rfc1 h6 28. Rd7 Rac8 29. Rcc7 Rxc7 30. Rxc7 Re6 31. Kf1 g5 32. Ke2 h5 33. Rb7
h4 34. Rb6 Kf7 35. Rb7+ 1/2-1/2

[Event "Open B"]
[Site "?"]
[Date "2008.08.25"]
[Round "3.20"]
[White "Rut, V."]
[Black "Riha, F."]
[Result "1/2-1/2"]
[WhiteElo "1250"]
[BlackElo "1469"]
[PlyCount "70"]
[EventDate "2008.??.??"]

1. e4 b6 2. d4 Bb7 3. Nc3 e6 4. Bc4 d6 5. Nf3 Be7 6. O-O Nd7 7. Re1 c6 8. Qe2
d5 9. exd5 cxd5 10. Bb5 Ngf6 11. Bg5 a6 12. Bxd7+ Nxd7 13. Bxe7 Qxe7 14. Ne5
Rc8 15. a3 Rc7 16. Rac1 O-O 17. Na4 Qd6 18. c4 dxc4 19. Rxc4 Rxc4 20. Nxc4 Qc6
21. Qf3 Qxf3 22. gxf3 Bxf3 23. Naxb6 Nf6 24. Re3 Bb7 25. b4 Rd8 26. Rd3 Nd5 27.
Nxd5 Rxd5 28. Kf1 Bc6 29. Rc3 Rxd4 30. Ne5 Bb5+ 31. Kg2 g6 32. h3 Kg7 33. Kf3
Kf6 34. Ng4+ Kg7 35. Ne5 h5 1/2-1/2

[Event "OPEN B"]
[Site "?"]
[Date "2008.08.25"]
[Round "4.21"]
[White "Filip, V."]
[Black "Hatas, O."]
[Result "0-1"]
[WhiteElo "1100"]
[BlackElo "1437"]
[PlyCount "82"]
[EventDate "2008.08.23"]
[SourceDate "2008.08.25"]

1. e4 e5 2. d4 exd4 3. Qxd4 Nc6 4. Qd5 Nf6 5. Qf5 d5 6. exd5 Bxf5 7. dxc6 Qe7+
8. Be2 bxc6 9. c3 Nd5 10. h3 Qh4 11. Nf3 Qe4 12. Nbd2 Qa4 13. O-O Bd6 14. b3
Qa5 15. c4 Nf6 16. Re1 O-O 17. Bb2 Bb4 18. Red1 Bxd2 19. Rxd2 Ne4 20. Rdd1 Nc3
21. Bxc3 Qxc3 22. Kf1 Rad8 23. Rac1 Rxd1+ 24. Rxd1 h6 25. Re1 Re8 26. Kg1 Bd3
27. Bxd3 Rxe1+ 28. Nxe1 Qxe1+ 29. Kh2 Qxf2 30. Be4 Qf4+ 31. g3 Qxe4 32. a4 Kh7
33. a5 Kg6 34. a6 Kg5 35. c5 Qe2+ 36. Kg1 Qf3 37. Kh2 Qf2+ 38. Kh1 Qxg3 39. b4
Kh4 40. b5 Kxh3 41. bxc6 Qh2# 0-1

[Event "OPEN B"]
[Site "?"]
[Date "2008.08.25"]
[Round "4.22"]
[White "Vinecky"]
[Black "Rathousky, J."]
[Result "1-0"]
[WhiteElo "1422"]
[BlackElo "1250"]
[Annotator "Voracek,Zdenek"]
[PlyCount "26"]
[EventDate "2008.08.23"]
[SourceDate "2008.08.25"]

1. e4 e5 2. Nf3 Nc6 3. Bc4 Bc5 4. O-O Nd4 5. c3 Nxf3+ 6. Qxf3 Nf6 7. d3 O-O 8.
Bg5 c6 9. Bxf6 Qxf6 10. Qxf6 gxf6 11. d4 d5 12. dxc5 dxc4 13. Na3 b5 {
rozchazi se zapis tahu} 1-0

[Event "Open B"]
[Site "?"]
[Date "2008.08.25"]
[Round "4.23"]
[White "Mala, A."]
[Black "Studnicka, P."]
[Result "1-0"]
[WhiteElo "1423"]
[BlackElo "1250"]
[Annotator "Øeøábek,Jaroslav"]
[PlyCount "44"]
[EventDate "2008.??.??"]

1. e4 e5 2. Nf3 Nc6 3. Bb5 f6 4. O-O Nge7 5. c3 d6 6. h3 b6 7. d4 Bb7 8. d5 Qd7
9. dxc6 Nxc6 10. Bxc6 Qxc6 11. Re1 O-O-O 12. Nbd2 h5 13. Nf1 g5 14. N3h2 d5 15.
exd5 Rxd5 16. Qf3 Bh6 17. c4 Rd6 18. Qxc6 Bxc6 19. b3 Bg7 20. Ne3 Rf8 21. Nf5
Rd7 22. Nxg7 Rxg7 {dale necitelne..} 1-0

[Event "Open B"]
[Site "?"]
[Date "2008.08.25"]
[Round "3.24"]
[White "Zadnik, S."]
[Black "Kutil, P."]
[Result "1-0"]
[WhiteElo "1250"]
[BlackElo "1409"]
[PlyCount "40"]
[EventDate "2008.08.22"]
[SourceDate "2008.08.25"]

1. e4 e5 2. Nf3 d6 3. d4 exd4 4. Nxd4 Nf6 5. Nc3 Be7 6. Bf4 O-O 7. Bc4 Nbd7 8.
O-O Ne5 9. Bb3 b6 10. Bxe5 dxe5 11. Nc6 Qxd1 12. Nxe7+ Kh8 13. Raxd1 Re8 14.
Ned5 Nxd5 15. Bxd5 Rb8 16. Bxf7 Rf8 17. Bd5 a6 18. a4 Rd8 19. Bc6 Rf8 20. b4
Rf6 1-0

[Event "Open B"]
[Site "?"]
[Date "2008.08.25"]
[Round "4.25"]
[White "Fojtu, J."]
[Black "Sochurek, P."]
[Result "1-0"]
[WhiteElo "1250"]
[BlackElo "1451"]
[Annotator "Øeøábek,Jaroslav"]
[PlyCount "89"]
[EventDate "2008.??.??"]

1. e4 c5 2. Nf3 Nc6 3. Nc3 d6 4. d4 cxd4 5. Nxd4 Nf6 6. Nxc6 bxc6 7. Bc4 e5 8.
Be3 Be7 9. Qd2 Bb7 10. O-O-O Ng4 11. Qe2 Nxe3 12. fxe3 Qc7 13. Rhf1 f6 14. Qg4
g6 15. h4 Rf8 16. h5 Bc8 17. Qf3 Bd7 18. hxg6 hxg6 19. Ba6 Qb6 20. Qe2 f5 21.
exf5 gxf5 22. Na4 Qc7 23. Nc3 e4 24. Qh5+ Kd8 25. Qh6 Qb6 26. Be2 Kc7 27. Qf4
Rab8 28. b3 Qb4 29. Na4 Qa3+ 30. Kd2 Qb4+ 31. c3 Qa5 32. Rb1 c5 33. Bc4 Kc6 34.
Ra1 Kc7 35. Nb2 Bf6 36. Rfc1 Be5 37. Qf1 Rh8 38. Bf7 Rhf8 39. Nc4 Qa6 40. Nxe5
Qxf1 41. Rxf1 dxe5 42. Bc4 Bc6 43. b4 cxb4 44. cxb4 f4 45. Be2 {dale necitelne}
1-0

[Event "Open B"]
[Site "?"]
[Date "2008.08.25"]
[Round "4.26"]
[White "Soltysova, P."]
[Black "Pycha, P."]
[Result "1/2-1/2"]
[WhiteElo "1250"]
[BlackElo "1312"]
[PlyCount "65"]
[EventDate "2008.??.??"]

1. e4 e5 2. Nf3 Nc6 3. Bc4 Bc5 4. O-O Nf6 5. Nc3 O-O 6. d3 h6 7. Bd2 d6 8. h3
Qe7 9. Nd5 Nxd5 10. Bxd5 Bd7 11. Rb1 Be6 12. b4 Bb6 13. Bxe6 Qxe6 14. b5 Nd4
15. a4 c6 16. c3 Nxf3+ 17. Qxf3 cxb5 18. axb5 Qd7 19. c4 Rae8 20. Be3 Bxe3 21.
Qxe3 b6 22. d4 Qe6 23. d5 Qd7 24. Ra1 Rc8 25. Rfc1 Rc7 26. Rc3 Rfc8 27. Qe2 f5
28. Ra4 Qf7 29. Rf3 f4 30. Rfa3 Qe7 31. Qa2 Ra8 32. Rc3 Qf7 33. Qc2 1/2-1/2

[Event "OPEN B"]
[Site "?"]
[Date "2008.08.25"]
[Round "4.27"]
[White "Pychova, N."]
[Black "Filip, L."]
[Result "1-0"]
[WhiteElo "1250"]
[BlackElo "1250"]
[PlyCount "97"]
[EventDate "2008.08.23"]
[SourceDate "2008.08.25"]

1. e4 e5 2. Nf3 Nc6 3. Bc4 h6 4. Nc3 Nf6 5. d3 Bc5 6. Bd2 d6 7. O-O O-O 8. Be3
Bxe3 9. fxe3 Be6 10. Bb5 Bd7 11. h3 a6 12. Ba4 Be6 13. Nh2 d5 14. exd5 Nxd5 15.
Qd2 Qg5 16. Nxd5 Bxd5 17. Nf3 Qg6 18. Bxc6 Bxc6 19. Nxe5 Qe6 20. Nxc6 Qxc6 21.
Rf3 Qb6 22. b3 Rfe8 23. Kh1 Re7 24. e4 f6 25. Rg3 g5 26. Rf1 Rf8 27. Rgf3 Re6
28. Qf2 Qxf2 29. R1xf2 Kg7 30. d4 Re7 31. e5 Rd7 32. exf6+ Kg8 33. c3 c6 34.
Rf5 b6 35. Re5 a5 36. Re6 Rc7 37. Kg1 b5 38. f7+ Rfxf7 39. Rxf7 Rxf7 40. Rxc6
h5 41. Rc5 g4 42. hxg4 hxg4 43. Rxb5 g3 44. Rg5+ Rg7 45. Rxg7+ Kxg7 46. d5 Kf6
47. c4 Ke5 48. a3 Kd6 49. b4 1-0

[Event "OPEN B"]
[Site "?"]
[Date "2008.??.??"]
[Round "4.28"]
[White "Silhavy, J."]
[Black "Mullerova, K."]
[Result "1-0"]
[WhiteElo "1633"]
[BlackElo "1250"]
[PlyCount "89"]
[EventDate "2008.??.??"]

1. e4 e5 2. Nf3 Nc6 3. Bb5 d6 4. d4 Bd7 5. c3 Nf6 6. Qc2 h6 7. h3 a6 8. Bxc6
Bxc6 9. d5 Bb5 10. c4 Bd7 11. Be3 c5 12. Nc3 Be7 13. O-O O-O 14. a4 Re8 15. a5
Rb8 16. Nd2 Nh5 17. Na4 Bg5 18. Nf3 Bxe3 19. fxe3 Kh8 20. Nb6 Bc8 21. Nxc8 Rxc8
22. Qb3 Rb8 23. Qb6 Qc8 24. b4 Ng3 25. bxc5 Nxf1 26. cxd6 Qd7 27. Rxf1 Rbc8 28.
Qb4 f6 29. c5 Qb5 30. Qxb5 axb5 31. d7 Red8 32. dxc8=Q Rxc8 33. d6 b4 34. Rb1
Kg8 35. Rxb4 Rb8 36. c6 Rc8 37. c7 Kf7 38. Rxb7 Ke6 39. Rb6 Kd7 40. a6 Ra8 41.
Nd2 g6 42. Nb3 f5 43. Nc5+ Kc8 44. Rc6 fxe4 45. d7# 1-0

[Event "OPEN B"]
[Site "?"]
[Date "2008.08.25"]
[Round "4.29"]
[White "Jirousek, F."]
[Black "Sadil, J."]
[Result "0-1"]
[WhiteElo "1000"]
[BlackElo "1250"]
[PlyCount "94"]
[EventDate "2008.08.23"]
[SourceDate "2008.08.25"]

1. e4 e5 2. Nf3 Nf6 3. Nc3 Bb4 4. Bc4 Bxc3 5. dxc3 h6 6. Nxe5 O-O 7. O-O Qe7 8.
Bxf7+ Rxf7 9. Nxf7 Qxf7 10. Qf3 d6 11. h3 Nc6 12. Re1 Qe7 13. Bf4 Bd7 14. Re2
Re8 15. Rae1 a6 16. e5 dxe5 17. Bxe5 Nxe5 18. Rxe5 Qd6 19. Qf4 Rxe5 20. Rxe5
Qd1+ 21. Kh2 Qxc2 22. Qb4 Bc6 23. Rf5 Qxf5 24. Qd4 Qd5 25. Qxd5+ Bxd5 26. a4
Kf7 27. g4 Ke6 28. Kg3 Ke5 29. f4+ Ke4 30. b4 Kd3 31. g5 Ne4+ 32. Kg4 hxg5 33.
fxg5 g6 34. Kf4 Kxc3 35. h4 Kxb4 36. Ke5 c6 37. h5 gxh5 38. g6 h4 39. g7 h3 40.
g8=Q Bxg8 41. Kxe4 h2 42. Ke5 h1=Q 43. Kd6 c5 44. Kc7 Qc6+ 45. Kb8 b5 46. axb5
Qb6+ 47. Ka8 Bd5# 0-1

[Event "OPEN A"]
[Site "?"]
[Date "2008.08.26"]
[Round "5.1"]
[White "Studnicka, T."]
[Black "Vokac, M."]
[Result "1/2-1/2"]
[WhiteElo "2300"]
[BlackElo "2451"]
[Annotator "Vavrinec"]
[PlyCount "77"]
[EventDate "2008.??.??"]
[SourceDate "2008.08.26"]

1. d4 g6 2. c4 Bg7 3. e4 d6 4. Nc3 Nf6 5. Nf3 O-O 6. Be2 c5 7. O-O cxd4 8. Nxd4
Nc6 9. Be3 Bd7 10. Nc2 Qc8 11. f3 Rd8 12. Qd2 Be8 13. Rad1 Nd7 14. Bh6 a6 15.
b3 Bh8 16. Bg5 Rb8 17. Nd5 f6 18. Bh4 e6 19. Nde3 g5 20. Bf2 Nde5 21. g3 Bh5
22. Be1 Bg6 23. f4 Bxe4 24. fxe5 dxe5 25. Qc1 f5 26. Bc3 Nd4 27. Nxd4 exd4 28.
Nd5 Rxd5 29. Qxg5+ Bg7 30. cxd5 dxc3 31. dxe6 c2 32. Rc1 Qc5+ 33. Rf2 Kh8 34.
e7 Re8 35. Kf1 Qxe7 36. Qxe7 Rxe7 37. Bf3 Bd3+ 38. Be2 Be4 39. Bf3 1/2-1/2

[Event "OPEN A"]
[Site "?"]
[Date "2008.08.26"]
[Round "5.2"]
[White "Vojta, T."]
[Black "Cerny, M."]
[Result "1-0"]
[WhiteElo "2411"]
[BlackElo "2203"]
[PlyCount "94"]
[EventDate "2008.??.??"]
[SourceDate "2008.08.26"]

1. e4 c5 2. f4 a6 3. Nf3 d5 4. exd5 Nf6 5. Nc3 Nxd5 6. Ne5 Nxc3 7. bxc3 e6 8.
Bd3 Nd7 9. O-O g6 10. Qe2 Be7 11. Kh1 O-O 12. c4 Bf6 13. Bb2 Nxe5 14. fxe5 Bg7
15. Qe3 Qc7 16. h4 b6 17. h5 Bb7 18. Rae1 Qc6 19. Qh3 b5 20. Rf4 Rad8 21. Ref1
bxc4 22. Rxc4 Rd7 23. Rcf4 Rfd8 24. Bc3 Rc8 25. Bc4 Rcd8 26. R1f2 Rb8 27. hxg6
hxg6 28. Qg4 Re8 29. Qh4 Ree7 30. Qh3 Qb6 31. Rf1 Qc6 32. Rb1 Re8 33. a4 Red8
34. Bd3 Rxd3 35. Rf3 Rxf3 36. Qxf3 Qxf3 37. gxf3 Bxf3+ 38. Kg1 Bc6 39. a5 Bd5
40. d3 c4 41. d4 f5 42. exf6 Bxf6 43. Rb6 g5 44. Kf2 Kg7 45. Rxa6 Kg6 46. Rb6
Ba8 47. Rxe6 Kf5 1-0

[Event "Open A"]
[Site "?"]
[Date "2008.08.26"]
[Round "5.3"]
[White "Taborsky, R."]
[Black "Pokorny, M."]
[Result "0-1"]
[WhiteElo "2282"]
[BlackElo "2172"]
[PlyCount "80"]
[EventDate "2008.08.22"]
[SourceDate "2008.08.26"]

1. d4 d5 2. c4 e6 3. Nf3 Nf6 4. g3 Be7 5. Bg2 O-O 6. O-O c6 7. Qc2 Nbd7 8. Rd1
Ne4 9. b3 f5 10. e3 Nd6 11. Ba3 Nf6 12. Nc3 Bd7 13. Ne2 Nf7 14. Bxe7 Qxe7 15.
Ne5 Rac8 16. Qb2 Rfd8 17. b4 Be8 18. c5 b6 19. Rdc1 bxc5 20. Nxf7 Qxf7 21. Rxc5
Nd7 22. Ra5 Nb6 23. Qc3 Nc4 24. Rc5 Rb8 25. Nf4 Rb6 26. Nd3 Rdb8 27. Rxc4 dxc4
28. Ne5 Qe7 29. a3 a5 30. bxa5 Rb1+ 31. Rxb1 Rxb1+ 32. Bf1 c5 33. Kg2 Qb7+ 34.
f3 Qb2+ 35. Qxb2 Rxb2+ 36. Kh3 cxd4 37. Nxc4 Rc2 38. Bd3 dxe3 39. a6 e2 40. Na5
e1=Q 0-1

[Event "OPEN A"]
[Site "?"]
[Date "2008.08.26"]
[Round "5.4"]
[White "Stastny, J."]
[Black "Ruzicka, Z."]
[Result "1-0"]
[WhiteElo "2224"]
[BlackElo "2112"]
[PlyCount "102"]
[EventDate "2008.??.??"]
[SourceDate "2008.08.26"]

1. e4 c5 2. Nf3 d6 3. d4 cxd4 4. Nxd4 Nf6 5. Nc3 a6 6. Bc4 g6 7. O-O Bg7 8. Re1
O-O 9. Bg5 Nc6 10. Nb3 h6 11. Bh4 Ne5 12. Bf1 g5 13. Bg3 Ng6 14. Rb1 e5 15. Bc4
b5 16. Bd5 Rb8 17. a3 a5 18. Qd2 b4 19. axb4 axb4 20. Na2 Nxd5 21. exd5 Qb6 22.
Kh1 Bf5 23. Nbc1 Rfc8 24. Nd3 b3 25. cxb3 Qxb3 26. Nc3 Nf4 27. Bxf4 exf4 28.
Ne4 Qxd5 29. f3 Qd4 30. Rbd1 Rd8 31. Qa5 Bxe4 32. Rxe4 Qb6 33. Qe1 d5 34. Re2
Rbc8 35. h3 Qb3 36. Kh2 Bf6 37. Nc1 Qb6 38. Nd3 Kg7 39. Kh1 Qb8 40. Qd2 h5 41.
h4 Rc4 42. hxg5 Bxg5 43. Ne5 Rc7 44. Nd3 Rc6 45. Rde1 Rf6 46. Re5 Kh6 47. Qf2
Qd6 48. g3 fxg3 49. Qxg3 Rg6 50. Qh3 Rh8 51. f4 Qe7 1-0

[Event "Open A"]
[Site "?"]
[Date "2008.08.26"]
[Round "5.5"]
[White "Mejzlik, O."]
[Black "Skala, J."]
[Result "1/2-1/2"]
[WhiteElo "2130"]
[BlackElo "2084"]
[PlyCount "57"]
[EventDate "2008.08.22"]
[SourceDate "2008.08.26"]

1. c4 Nf6 2. Nc3 d5 3. d4 g6 4. Nf3 Bg7 5. Bf4 O-O 6. e3 c5 7. Rc1 cxd4 8. Nxd4
Re8 9. cxd5 Nxd5 10. Bxb8 Nxc3 11. bxc3 Rxb8 12. Bc4 e5 13. Nb5 Be6 14. Bxe6
Rxe6 15. O-O a6 16. Na3 Qe7 17. Qb3 Bf8 18. Nc2 Rd8 19. Rfd1 Red6 20. Nb4 Qd7
21. Rxd6 Qxd6 22. e4 Qd2 23. Rf1 Bxb4 24. Qxb4 Qe2 25. h3 Rd1 26. Rxd1 Qxd1+
27. Kh2 Qd7 28. Qc5 Qd2 29. Qxe5 1/2-1/2

[Event "OPEN A"]
[Site "?"]
[Date "2008.08.26"]
[Round "5.6"]
[White "Vanka, M."]
[Black "Voracek, Z."]
[Result "1/2-1/2"]
[WhiteElo "2184"]
[BlackElo "2059"]
[PlyCount "60"]
[EventDate "2008.??.??"]
[SourceDate "2008.08.26"]

1. e4 Nf6 2. e5 Nd5 3. d4 d6 4. Bc4 e6 5. Qe2 Be7 6. Qg4 Kf8 7. Nf3 c5 8. c3
cxd4 9. cxd4 Nb4 10. Na3 dxe5 11. Nxe5 N8c6 12. Nxc6 Nxc6 13. Nc2 Nb4 14. Qe2
b5 15. Bb3 Nxc2+ 16. Bxc2 Bb7 17. O-O Qd5 18. f3 Bf6 19. Be3 h5 20. Rfd1 Qd7
21. Be4 Bd5 22. Rac1 g6 23. Rc5 a6 24. Bf4 Rc8 25. Rxc8+ Qxc8 26. Bxd5 exd5 27.
Be5 Qe6 28. Rc1 Kg7 29. Bxf6+ Kxf6 30. Qxe6+ fxe6 1/2-1/2

[Event "OPEN A"]
[Site "?"]
[Date "2008.08.26"]
[Round "5.8"]
[White "Hosticka, F."]
[Black "Lizner, M."]
[Result "1-0"]
[WhiteElo "2172"]
[BlackElo "2050"]
[PlyCount "29"]
[EventDate "2008.??.??"]
[SourceDate "2008.08.26"]

1. e4 c5 2. Nf3 Nc6 3. Bb5 g6 4. O-O Bg7 5. Re1 e6 6. Bxc6 dxc6 7. e5 Ne7 8. d3
O-O 9. Nc3 Qc7 10. Ne4 Bxe5 11. Nxe5 Qxe5 12. Bg5 Qc7 13. Nf6+ Kh8 14. Qd2 Nf5
15. Bf4 1-0

[Event "Open A"]
[Site "?"]
[Date "2008.08.26"]
[Round "5.9"]
[White "Vojta, P."]
[Black "Petrun, M."]
[Result "1-0"]
[WhiteElo "2137"]
[BlackElo "1923"]
[PlyCount "41"]
[EventDate "2008.08.22"]
[SourceDate "2008.08.26"]

1. d4 Nf6 2. c4 c5 3. e3 e6 4. Nf3 b5 5. cxb5 a6 6. bxa6 Nc6 7. Nc3 d5 8. Bb5
Qb6 9. Ne5 Bd7 10. Nxd7 Nxd7 11. Qa4 Ndb8 12. dxc5 Bxc5 13. b4 Be7 14. Bxc6+
Nxc6 15. b5 Nb4 16. O-O Nd3 17. Ba3 Bf6 18. Rad1 Nc5 19. Qb4 d4 20. exd4 Nxa6
21. bxa6 1-0

[Event "Open A"]
[Site "?"]
[Date "2008.08.26"]
[Round "5.10"]
[White "Koper, S."]
[Black "Herejk, P."]
[Result "0-1"]
[WhiteElo "2007"]
[BlackElo "2197"]
[PlyCount "86"]
[EventDate "2008.08.22"]
[SourceDate "2008.08.26"]

1. d4 Nf6 2. c4 g6 3. Nc3 Bg7 4. e4 d6 5. Nge2 O-O 6. Ng3 e5 7. d5 a5 8. Be2
Na6 9. O-O h5 10. Bg5 Qe8 11. Rb1 Nh7 12. Be3 h4 13. Nh1 f5 14. f3 Nc5 15. Nf2
b6 16. b3 Bd7 17. Nd3 g5 18. Nxc5 bxc5 19. exf5 Bxf5 20. Bd3 Qg6 21. Bxf5 Qxf5
22. Qd2 Bh6 23. Ne4 Kg7 24. h3 Kg6 25. a3 Rfb8 26. Rb2 Nf6 27. Nxf6 Qxf6 28.
Qd3+ Qf5 29. Qe4 Rf8 30. Rfb1 Qxe4 31. fxe4 g4 32. Bxh6 Kxh6 33. hxg4 Rf4 34.
Re1 Kg5 35. Rf2 Kxg4 36. a4 Rxf2 37. Kxf2 Kf4 38. Re3 Rg8 39. Rh3 Rg4 40. Re3
Rxg2+ 41. Kxg2 Kxe3 42. Kh3 Kxe4 43. Kxh4 Kd4 0-1

[Event "OPEN A"]
[Site "?"]
[Date "2008.08.26"]
[Round "5.11"]
[White "Sokol, R."]
[Black "Hadzala, D."]
[Result "1/2-1/2"]
[WhiteElo "1979"]
[BlackElo "2099"]
[PlyCount "67"]
[EventDate "2008.??.??"]
[SourceDate "2008.08.26"]

1. e4 e6 2. d4 d5 3. Nc3 Nf6 4. Bg5 Be7 5. e5 Ne4 6. Bxe7 Qxe7 7. Nxe4 dxe4 8.
c3 c5 9. Bb5+ Bd7 10. Bxd7+ Nxd7 11. Ne2 O-O-O 12. Qa4 Kb8 13. O-O cxd4 14.
cxd4 Rc8 15. Nc3 Nb6 16. Qb3 Rhd8 17. Rfd1 Rc4 18. Nxe4 Rdxd4 19. Nd6 Rxd1+ 20.
Rxd1 Rc5 21. f4 Nd5 22. g3 Rc6 23. a4 f5 24. Nxf5 Qc5+ 25. Nd4 Rb6 26. Qc2 Qxc2
27. Nxc2 Rxb2 28. Nd4 Nc7 29. f5 exf5 30. Nxf5 Ne6 31. Rd6 Rb6 32. Rxb6 axb6
33. Kf2 g6 34. Nd6 1/2-1/2

[Event "Open A"]
[Site "?"]
[Date "2008.08.26"]
[Round "5.12"]
[White "Macek, K."]
[Black "Vevera, R."]
[Result "0-1"]
[WhiteElo "1959"]
[BlackElo "2090"]
[PlyCount "44"]
[EventDate "2008.08.22"]
[SourceDate "2008.08.26"]

1. e4 c6 2. d4 d5 3. exd5 cxd5 4. c4 Nf6 5. Nc3 Nc6 6. Nf3 e6 7. Be2 Be7 8. Bf4
dxc4 9. Bxc4 Nd5 10. Nxd5 exd5 11. Bb3 Bb4+ 12. Bd2 Qe7+ 13. Kf1 Be6 14. Ba4
Bd6 15. Ne5 Rc8 16. Rc1 O-O 17. Nxc6 bxc6 18. Bxc6 Rc7 19. Ba5 Rcc8 20. f3 Bb4
21. Bxb4 Qxb4 22. b3 Rxc6 0-1

[Event "OPEN A"]
[Site "?"]
[Date "2008.08.26"]
[Round "5.13"]
[White "Skacel, J."]
[Black "Dvorak, M."]
[Result "1-0"]
[WhiteElo "2062"]
[BlackElo "2001"]
[PlyCount "71"]
[EventDate "2008.??.??"]
[SourceDate "2008.08.26"]

1. d4 d5 2. c4 c6 3. Nf3 Nf6 4. e3 e6 5. Nc3 Nbd7 6. Qc2 Bd6 7. b3 O-O 8. Bb2
Re8 9. Be2 e5 10. cxd5 cxd5 11. dxe5 Nxe5 12. O-O Bd7 13. Rfd1 Rc8 14. Qd2 Bc6
15. Qd4 Bb8 16. Rac1 a6 17. Ba1 Qd6 18. g3 Qe7 19. Nxe5 Bxe5 20. Qh4 Rcd8 21.
Bf3 Qf8 22. Ne2 Bxa1 23. Rxa1 Ne4 24. Nd4 Bd7 25. Rac1 Re5 26. Rc7 g5 27. Qh5
Qd6 28. Bxe4 Qxc7 29. Bxh7+ Kg7 30. Nf3 Ree8 31. Bb1 Bc6 32. Qxg5+ Kf8 33. Rd4
Re6 34. Bf5 Red6 35. Rh4 f6 36. Rh8+ 1-0

[Event "OPEN A"]
[Site "?"]
[Date "2008.08.26"]
[Round "5.14"]
[White "Boucek, V."]
[Black "Straka, V."]
[Result "1/2-1/2"]
[WhiteElo "2017"]
[BlackElo "1978"]
[PlyCount "100"]
[EventDate "2008.??.??"]
[SourceDate "2008.08.26"]

1. e4 c5 2. Nc3 Nc6 3. g3 g6 4. Bg2 Bg7 5. d3 d6 6. Be3 Nf6 7. h3 O-O 8. Qd2
Rb8 9. Bh6 b5 10. h4 b4 11. Nd1 Bxh6 12. Qxh6 Ng4 13. Qd2 h5 14. f3 Nf6 15. Ne2
e5 16. Ne3 Nd4 17. O-O Be6 18. Kh2 a5 19. Ng1 Rc8 20. c3 bxc3 21. bxc3 Nc6 22.
Bh3 Rb8 23. g4 Qb6 24. Rac1 Rb7 25. Rc2 Rfb8 26. Ne2 Qd8 27. Rg1 Rb1 28. Rg2 d5
29. Nf5 dxe4 30. fxe4 hxg4 31. Bxg4 gxf5 32. exf5 Bd5 33. Bf3+ Kf8 34. Qh6+ Ke7
35. Bxd5 Qxd5 36. Ng1 Qxd3 37. Rcf2 Qe4 38. Nf3 Ng4+ 39. Rxg4 Qxg4 40. Qxc6
Qf4+ 41. Kh3 Rh1+ 42. Kg2 Rhb1 43. Qxc5+ Kf6 44. Qd6+ Kg7 45. Nxe5 R8b2 46. f6+
Kg8 47. Qd8+ Kh7 48. Qd3+ Kg8 49. Qd8+ Kh7 50. Qd3+ Kg8 1/2-1/2

[Event "Open A"]
[Site "?"]
[Date "2008.08.26"]
[Round "5.15"]
[White "Kaiser, R."]
[Black "Tejkal, J."]
[Result "1/2-1/2"]
[WhiteElo "1960"]
[BlackElo "2015"]
[PlyCount "53"]
[EventDate "2008.08.22"]
[SourceDate "2008.08.26"]

1. e4 d6 2. d4 Nf6 3. Nc3 c6 4. f4 Qa5 5. Bd3 e5 6. dxe5 dxe5 7. Nf3 Nbd7 8.
O-O Bc5+ 9. Kh1 O-O 10. a3 Qc7 11. b4 Bd6 12. f5 a5 13. b5 Bc5 14. Qe1 cxb5 15.
Nxb5 Qc6 16. Bd2 b6 17. Qh4 Bb7 18. Rae1 Rfe8 19. a4 Bb4 20. g4 Bxd2 21. Nxd2
h6 22. g5 hxg5 23. Qxg5 Nh7 24. Qg2 Red8 25. Rg1 Qf6 26. Re3 Kh8 27. Nc4
1/2-1/2

[Event "Open A"]
[Site "?"]
[Date "2008.08.26"]
[Round "5.16"]
[White "Soural, J."]
[Black "Schmalz, M."]
[Result "1-0"]
[WhiteElo "2285"]
[BlackElo "1993"]
[Annotator "Øeøábek,Jaroslav"]
[PlyCount "43"]
[EventDate "2008.08.22"]
[SourceDate "2008.08.26"]

1. d4 Nf6 2. c4 g6 3. Nc3 d5 4. cxd5 Nxd5 5. e4 Nxc3 6. bxc3 Bg7 7. Nf3 c5 8.
Rb1 O-O 9. Be2 Qa5 10. Qd2 a6 11. O-O Nc6 12. Rd1 Rd8 13. Bb2 b5 14. d5 Ne5 15.
Nxe5 Bxe5 16. f4 Bg7 17. Qe3 c4 18. a4 Bd7 19. axb5 Bxb5 20. Ra1 Qc7 21. Ba3
Qd7 22. e5 {daùe necitelne...} 1-0

[Event "OPEN A"]
[Site "?"]
[Date "2008.08.26"]
[Round "5.17"]
[White "Kozak, M."]
[Black "Matejovsky, O."]
[Result "1/2-1/2"]
[WhiteElo "2209"]
[BlackElo "2014"]
[PlyCount "45"]
[EventDate "2008.??.??"]
[SourceDate "2008.08.26"]

1. Nf3 d5 2. g3 Nf6 3. Bg2 Bf5 4. c4 e6 5. cxd5 exd5 6. O-O c6 7. d3 Bd6 8. Nc3
O-O 9. Nh4 Qd7 10. Nxf5 Qxf5 11. e4 dxe4 12. dxe4 Qe6 13. f4 Bc5+ 14. Kh1 Na6
15. e5 Rfd8 16. Qe2 Nd7 17. Ne4 f6 18. exf6 Nxf6 19. Nxf6+ Qxf6 20. f5 Re8 21.
Qc4+ Qf7 22. Qg4 Be7 23. Bg5 1/2-1/2

[Event "OPEN A"]
[Site "?"]
[Date "2008.08.26"]
[Round "5.18"]
[White "Beil, M."]
[Black "Hadrava, J."]
[Result "1-0"]
[WhiteElo "2208"]
[BlackElo "2011"]
[PlyCount "109"]
[EventDate "2008.??.??"]
[SourceDate "2008.08.26"]

1. d4 e5 2. dxe5 Nc6 3. Nf3 Qe7 4. Nc3 Nxe5 5. e4 Nxf3+ 6. Qxf3 Qf6 7. Qg3 Bd6
8. f4 Bb4 9. Bd2 Qg6 10. Qf3 Nf6 11. e5 Bxc3 12. Bxc3 Qe4+ 13. Be2 Qxf3 14.
Bxf3 Ng8 15. e6 Nf6 16. exd7+ Bxd7 17. Bxb7 Rb8 18. Bf3 O-O 19. O-O-O Be6 20.
b3 c5 21. Be5 Rb6 22. Bd6 Rc8 23. Bxc5 Rb5 24. Bxa7 Ra5 25. Bb7 Re8 26. Bd4
Rxa2 27. Kb1 Ra5 28. Bxf6 gxf6 29. Rd4 Re7 30. Rb4 Bf5 31. g4 Bd7 32. Rd1 Bb5
33. Be4 Rea7 34. Rd5 Ra1+ 35. Kb2 R1a2+ 36. Kc3 Rc7+ 37. Kd2 Bc6 38. Rd8+ Kg7
39. Rc4 Rd7+ 40. Rxd7 Bxd7 41. f5 Ra7 42. Rb4 h5 43. h3 Kh6 44. Rb7 Rxb7 45.
Bxb7 Kg5 46. c4 hxg4 47. hxg4 Kxg4 48. c5 Kxf5 49. c6 Ke6 50. cxd7 Kxd7 51. Bd5
Ke7 52. b4 f5 53. b5 f6 54. b6 Kd7 55. Ke3 1-0

[Event "OPEN A"]
[Site "?"]
[Date "2008.08.26"]
[Round "5.19"]
[White "Siktanc"]
[Black "Cervenka"]
[Result "1-0"]
[WhiteElo "2197"]
[BlackElo "1955"]
[PlyCount "85"]
[EventDate "2008.??.??"]
[SourceDate "2008.08.26"]

1. d4 e6 2. e4 d5 3. e5 c5 4. c3 Nc6 5. Nf3 Qb6 6. Bd3 Bd7 7. dxc5 Bxc5 8. O-O
h5 9. b4 Be7 10. Na3 Nh6 11. Be3 Qd8 12. Nb5 Ng4 13. Bd4 Qb8 14. Re1 a6 15. Na3
Nxd4 16. Nxd4 Nxe5 17. Bf1 Ng4 18. g3 e5 19. Qe2 h4 20. h3 hxg3 21. hxg4 gxf2+
22. Kxf2 e4 23. Kg1 Bxg4 24. Qg2 Rh3 25. Ne2 Bh4 26. Red1 Bg3 27. Rxd5 e3 28.
Qe4+ Kf8 29. Bxh3 Bf2+ 30. Kg2 Bxe2 31. Qe5 Qxe5 32. Rxe5 Rd8 33. Nc2 Rd6 34.
Nxe3 Bh4 35. Bg4 Rg6 36. Kh3 Bf6 37. Rh5 Bxc3 38. Rc1 Bxg4+ 39. Nxg4 Bxb4 40.
Rc7 Kg8 41. Ne5 Rh6 42. Rc8+ Bf8 43. Rxh6 1-0

[Event "Open A"]
[Site "?"]
[Date "2008.08.26"]
[Round "5.20"]
[White "Pataridis, J."]
[Black "Groch, J."]
[Result "0-1"]
[WhiteElo "2000"]
[BlackElo "2186"]
[PlyCount "80"]
[EventDate "2008.08.22"]
[SourceDate "2008.08.26"]

1. e4 c5 2. Nf3 Nc6 3. d4 cxd4 4. Nxd4 Nf6 5. Nc3 g6 6. Be3 Bg7 7. f4 d6 8. Be2
O-O 9. g4 Qb6 10. Qd2 Nxe4 11. Nxe4 Bxd4 12. Bxd4 Qxd4 13. Nf2 Qxb2 14. O-O Qd4
15. Qc1 Bd7 16. Rd1 Qc5 17. c3 Rac8 18. Bf3 Na5 19. Rd3 Bc6 20. Kg2 Bxf3+ 21.
Rxf3 d5 22. f5 Qd6 23. f6 exf6 24. Qh6 Rfe8 25. Rh3 Nc4 26. Qxh7+ Kf8 27. Rf3
Ne5 28. Qh6+ Ke7 29. Re1 Rh8 30. Qe3 Kf8 31. Qf4 Rc6 32. g5 Nxf3 33. Qxd6+ Rxd6
34. Kxf3 fxg5 35. Kg3 f5 36. Nd3 Kf7 37. h3 Rc8 38. Rc1 Kf6 39. a4 Rdc6 40. Nb4
Rxc3+ 0-1